A Course In Electrical & Electronic Measurements & Instrumentation (Record no. 5588)

MARC details
000 -LEADER
fixed length control field 00412nam a22001577a 4500
005 - DATE AND TIME OF LATEST TRANSACTION
control field 20170919150410.0
008 - FIXED-LENGTH DATA ELEMENTS--GENERAL INFORMATION
fixed length control field 170919b xxu||||| |||| 00| 0 eng d
020 ## - INTERNATIONAL STANDARD BOOK NUMBER
ISBN 978-81-7700-100-6
041 ## - LANGUAGE CODE
Language code of text/sound track or separate title eng
082 ## - DEWEY DECIMAL CLASSIFICATION NUMBER
Classification number 621.3
100 ## - MAIN ENTRY--AUTHOR NAME
Personal name Sawhney,A K
245 ## - TITLE STATEMENT
Title A Course In Electrical & Electronic Measurements & Instrumentation
260 ## - PUBLICATION, DISTRIBUTION, ETC. (IMPRINT)
Place of publication New Delhi
Name of publisher Dhanpat Rai & Co
300 ## - PHYSICAL DESCRIPTION
Number of Pages 1318
942 ## - ADDED ENTRY ELEMENTS (KOHA)
Koha item type Books
Holdings
Lost status Damaged status Collection code Home library Current library Shelving location Date acquired Source of acquisition Cost, normal purchase price Full call number Accession Number Koha item type
    Reference JRU Library   SHELF-72-B 19/09/2017 Purchase 650.00 621.3 21987 Books
      JRU Library   SHELF-38-D 19/09/2017 Purchase 650.00 621.3 21988 Books
      JRU Library   SHELF-38-D 19/09/2017 Purchase 650.00 621.3 21989 Books
    Non-fiction JRU Library   SHELF-38-D 19/09/2017 Purchase 650.00 621.3 21990 Books
      JRU Library   SHELF-38-D 19/09/2017 Purchase 650.00 621.3 21991 Books